[Event "HUN-chT2 Asztalos 1112"]
[Site "Hungary"]
[Date "2011.10.30"]
[Round "2.9"]
[White "Molnar, Norbert"]
[Black "Bator, Balazs"]
[Result "1/2-1/2"]
[WhiteElo "1933"]
[BlackElo "1979"]
[PlyCount "61"]
[EventDate "2011.09.25"]
[EventType "team-tourn"]
[EventRounds "11"]
[EventCountry "HUN"]
[SourceTitle "EXT 2013"]
[Source "ChessBase"]
[SourceDate "2012.11.22"]
[SourceVersion "1"]
[SourceVersionDate "2012.11.22"]
[SourceQuality "1"]
[WhiteTeam "Dombovar"]
[BlackTeam "Komlo"]
[WhiteTeamCountry "HUN"]
[BlackTeamCountry "HUN"]

1. e4 c5 2. Nf3 Nc6 3. d4 cxd4 4. Nxd4 Nf6 5. Nc3 e5 6. Ndb5 d6 7. Bg5 a6 8. Na3 b5 9. Bxf6 gxf6 10. Nd5 Bg7 11. Be2 f5 12. exf5 Bxf5 13. 0-0 0-0 14. c4 b4 15. Nc2 a5 16. Nce3 Bg6 17. Bh5 f5 18. Bxg6 hxg6 19. f4 e4 20. Qd2 Kf7 21. Rad1 Rh8 22. Kh1 Qh4 23. h3 Nd4 24. Rf2 Rh6 25. Kg1 Rah8 26. Nc7 Qd8 27. Nb5 Nf3+ 28. gxf3 Rxh3 29. Qd5+ Kf8 30. Kf1 exf3 31. Ke1 1/2-1/2

[Event "HUN-chT2 Asztalos 1011"]
[Site "Hungary"]
[Date "2010.10.24"]
[Round "4.4"]
[White "Kadar, Gabor"]
[Black "Molnar, Norbert"]
[Result "1-0"]
[WhiteElo "2163"]
[BlackElo "1904"]
[PlyCount "69"]
[EventDate "2010.09.12"]
[EventType "team-tourn"]
[EventRounds "11"]
[EventCountry "HUN"]
[SourceTitle "EXT 2012"]
[Source "ChessBase"]
[SourceDate "2011.11.24"]
[SourceVersion "1"]
[SourceVersionDate "2011.11.24"]
[SourceQuality "1"]
[WhiteTeam "Komlo"]
[BlackTeam "Dombovar"]
[WhiteTeamCountry "HUN"]
[BlackTeamCountry "HUN"]

1. e4 c5 2. Nf3 d6 3. d4 cxd4 4. Nxd4 a6 5. Nc3 e5 6. Nb3 Nf6 7. Bg5 Be7 8. Qd2 0-0 9. Bxf6 Bxf6 10. Rd1 Be7 11. Nd5 Bg5 12. Qe2 Be6 13. g3 Nc6 14. Bg2 Rc8 15. c3 Bxd5 16. Rxd5 Ne7 17. Rd3 Qb6 18. 0-0 f5 19. exf5 Rxf5 20. Bh3 Rff8 21. Bxc8 Nxc8 22. Qg4 Be7 23. Rf3 Qc7 24. Qe6+ Kh8 25. Rxf8+ Bxf8 26. Qe8 Kg8 27. f4 Qb6+ 28. Rf2 Qc6 29. Qe6+ Kh8 30. fxe5 Be7 31. Nd4 Qe8 32. exd6 Nxd6 33. Re2 Nc8 34. Kg2 h6 35. Nf5 1-0

[Event "HUN-chT2 Asztalos 0910"]
[Site "Hungary"]
[Date "2010.03.21"]
[Round "8"]
[White "Molnar, Norbert"]
[Black "Kovacs, Imre"]
[Result "1/2-1/2"]
[WhiteElo "1890"]
[BlackElo "1963"]
[PlyCount "60"]
[EventDate "2009.11.08"]
[EventType "team-tourn"]
[EventRounds "11"]
[EventCountry "HUN"]
[SourceTitle "EXT 2011"]
[Source "ChessBase"]
[SourceDate "2010.11.26"]
[SourceVersion "1"]
[SourceVersionDate "2010.11.26"]
[SourceQuality "1"]
[WhiteTeam "Dombovar"]
[BlackTeam "Szekesfehervar"]
[WhiteTeamCountry "HUN"]
[BlackTeamCountry "HUN"]

1. e4 e5 2. Nf3 Nc6 3. d4 exd4 4. Nxd4 Bc5 5. Be3 Qf6 6. c3 Nge7 7. Be2 d5 8. Bf3 Ne5 9. exd5 Nxf3+ 10. Nxf3 Bxe3 11. fxe3 Qb6 12. Qd2 0-0 13. e4 Re8 14. c4 Nf5 15. Nc3 Qe3+ 16. Qe2 Qc5 17. e5 Nd4 18. Qe4 Nxf3+ 19. gxf3 g6 20. 0-0-0 Bf5 21. Qe2 a6 22. Ne4 Bxe4 23. Qxe4 b5 24. Rd4 bxc4 25. Rxc4 Qa5 26. a3 Rab8 27. f4 Rb5 28. Rd1 Qb6 29. Qd4 Qb7 30. Qc3 Rxd5 1/2-1/2

[Event "HUN-chT2 Asztalos 0809"]
[Site "Hungary"]
[Date "2009.02.22"]
[Round "8"]
[White "Molnar, Norbert"]
[Black "Kohalmi, Endre"]
[Result "1/2-1/2"]
[WhiteElo "1890"]
[BlackElo "1964"]
[PlyCount "69"]
[EventDate "2008.10.26"]
[EventType "team-tourn"]
[EventRounds "11"]
[EventCountry "HUN"]
[SourceTitle "EXT 2010"]
[Source "ChessBase"]
[SourceDate "2010.11.25"]
[SourceVersion "1"]
[SourceVersionDate "2010.11.25"]
[SourceQuality "1"]
[WhiteTeam "Dombovar"]
[BlackTeam "Komlo"]
[WhiteTeamCountry "HUN"]
[BlackTeamCountry "HUN"]

1. e4 e6 2. d4 d5 3. Nc3 Bb4 4. e5 c5 5. a3 Bxc3+ 6. bxc3 Ne7 7. Bg5 Nbc6 8. Nf3 Qa5 9. Qd2 Nf5 10. Be3 Nxe3 11. fxe3 b5 12. dxc5 a6 13. Bd3 Qc7 14. 0-0 0-0 15. Qf2 h6 16. e4 Nxe5 17. exd5 Nxf3+ 18. Qxf3 exd5 19. Qxd5 Bb7 20. Qf5 g6 21. Qf2 Rac8 22. c4 bxc4 23. Bxc4 Qxc5 24. Bb3 Bd5 25. Qxc5 Rxc5 26. Rfe1 Rb8 27. Re5 Rbb5 28. Bxd5 Rxd5 29. Re8+ Kg7 30. c4 Re5 31. cxb5 Rxe8 32. b6 Rb8 33. Rb1 Kf6 34. a4 a5 35. Rb5 1/2-1/2

[Event "HUN-chT2 Asztalos 0809"]
[Site "Hungary"]
[Date "2008.11.30"]
[Round "3"]
[White "Molnar, Norbert"]
[Black "Angyal, Ferenc"]
[Result "1/2-1/2"]
[WhiteElo "1890"]
[BlackElo "2036"]
[PlyCount "72"]
[EventDate "2008.10.26"]
[EventType "team-tourn"]
[EventRounds "11"]
[EventCountry "HUN"]
[SourceTitle "EXT 2010"]
[Source "ChessBase"]
[SourceDate "2010.11.25"]
[SourceVersion "1"]
[SourceVersionDate "2010.11.25"]
[SourceQuality "1"]
[WhiteTeam "Dombovar"]
[BlackTeam "Dunaujvaros"]
[WhiteTeamCountry "HUN"]
[BlackTeamCountry "HUN"]

1. e4 e5 2. Nf3 Nc6 3. Bb5 a6 4. Ba4 Nf6 5. 0-0 Nxe4 6. Re1 Nc5 7. Bxc6 dxc6 8. Nxe5 Be7 9. Nc3 0-0 10. d4 Ne6 11. Ne2 Bf6 12. c3 c5 13. Ng4 cxd4 14. Nxf6+ Qxf6 15. Nxd4 Rd8 16. Qe2 h6 17. Be3 Re8 18. Qc4 c6 19. Nxc6 b5 20. Qd3 Bb7 21. Nd4 Nc5 22. Qf5 Qxf5 23. Nxf5 Nd3 24. Reb1 Rad8 25. b3 Ne5 26. Rd1 Ng4 27. Rxd8 Rxd8 28. Bd4 g6 29. Ne3 Nxe3 30. Bxe3 g5 31. Bd4 f5 32. Re1 Kf7 33. Re5 Rd5 34. g3 Rxe5 35. Bxe5 Ke6 36. Bg7 h5 1/2-1/2